[Event "SLO-ch 32nd"]
[Site "Radenci"]
[Date "2022.07.07"]
[Round "6"]
[White "Vidmar, Klara"]
[Black "Crepan, Marjan"]
[Result "0-1"]
[WhiteElo "1737"]
[BlackElo "2293"]
[PlyCount "42"]
[EventDate "2022.07.03"]
[EventType "swiss"]
[EventRounds "9"]
[EventCountry "SLO"]
[SourceTitle "EXT 2023"]
[Source "ChessBase"]
[SourceDate "2022.10.05"]
[SourceVersion "1"]
[SourceVersionDate "2022.10.05"]
[SourceQuality "1"]

1. e4 e5 2. Nc3 Nc6 3. Bc4 Nf6 4. d3 Bc5 5. f4 d6 6. Nf3 a6 7. f5 h6 8. a3 Nd4 9. Nd5 Nxd5 10. Bxd5 c6 11. Ba2 g6 12. Nxd4 Bxd4 13. fxg6 fxg6 14. Rf1 Qh4+ 15. g3 Qxh2 16. Qf3 Bd7 17. Qf7+ Kd8 18. Qxg6 Kc7 19. c3 Raf8 20. Rxf8 Rxf8 21. cxd4 Rf2 0-1

[Event "SLO-ch (Women) 29th"]
[Site "Radenci"]
[Date "2019.04.30"]
[Round "5"]
[White "Vidmar, Klara"]
[Black "Mihelic, Vesna"]
[Result "1-0"]
[WhiteElo "1765"]
[BlackElo "1814"]
[PlyCount "75"]
[EventDate "2019.04.27"]
[EventType "tourn"]
[EventRounds "9"]
[EventCountry "SLO"]
[SourceTitle "CBM 190 Extra"]
[Source "ChessBase"]
[SourceDate "2019.07.15"]
[SourceVersion "1"]
[SourceVersionDate "2019.07.15"]
[SourceQuality "1"]

1. e4 e5 2. Nf3 Nc6 3. Bc4 Bc5 4. d3 Nf6 5. Nc3 d6 6. Bg5 h6 7. Bxf6 Qxf6 8. Nd5 Qd8 9. c3 Be6 10. d4 exd4 11. cxd4 Bxd5 12. exd5 Nxd4 13. Nxd4 Qh4 14. Qe2+ Kf8 15. Nf3 Bb4+ 16. Kf1 Qf4 17. a3 Re8 18. Qc2 Bc5 19. Bb5 Re7 20. Re1 Rxe1+ 21. Nxe1 a6 22. Nd3 Qf5 23. Bc4 h5 24. Bb3 Bb6 25. h4 Rh6 26. Rh3 Rg6 27. Qe2 Rg4 28. Qf3 Qd7 29. Bd1 Kg8 30. b4 g6 31. Qf6 Rd4 32. Rf3 Rg4 33. Ba4 c6 34. dxc6 bxc6 35. Bxc6 Qc7 36. Bd5 Bd4 37. Bxf7+ Kf8 38. Qe6 1-0

[Event "Nova Gorica op 24th"]
[Site "Nova Gorica"]
[Date "2019.01.30"]
[Round "8"]
[White "Siraj, Svit"]
[Black "Vidmar, Klara"]
[Result "1/2-1/2"]
[WhiteElo "1673"]
[BlackElo "1799"]
[PlyCount "59"]
[EventDate "2019.01.25"]
[EventType "swiss"]
[EventRounds "9"]
[EventCountry "SLO"]
[SourceTitle "CBM 188 Extra"]
[Source "ChessBase"]
[SourceDate "2019.02.26"]
[SourceVersion "1"]
[SourceVersionDate "2019.02.26"]
[SourceQuality "1"]

1. d4 d5 2. Bf4 c5 3. e3 Nf6 4. Nf3 Nc6 5. Nbd2 e6 6. c3 Bd6 7. Bg3 0-0 8. Bd3 h6 9. Ne5 Qc7 10. f4 a6 11. 0-0 b5 12. Bh4 Be7 13. g4 c4 14. Bc2 Nxe5 15. fxe5 Ne8 16. Bg3 Bg5 17. Qe2 Rb8 18. h4 Be7 19. e4 Bb7 20. exd5 Bxd5 21. Ne4 Qd8 22. Qf2 b4 23. Rab1 bxc3 24. bxc3 Rxb1 25. Rxb1 Qa5 26. Qd2 Qd8 27. Qf2 Qa5 28. Qd2 Qd8 29. Qf2 Qa5 30. Qd2 1/2-1/2

[Event "SLO-chT (Women)"]
[Site "Murska Sobota"]
[Date "2018.05.20"]
[Round "7"]
[White "Srebrnic, Ana"]
[Black "Vidmar, Klara"]
[Result "1/2-1/2"]
[WhiteElo "2195"]
[BlackElo "1747"]
[PlyCount "91"]
[EventDate "2018.04.10"]
[EventType "team-tourn"]
[EventRounds "7"]
[EventCountry "SLO"]
[SourceTitle "EXT 2020"]
[Source "ChessBase"]
[SourceDate "2019.10.17"]
[SourceVersion "1"]
[SourceVersionDate "2019.10.17"]
[SourceQuality "1"]
[WhiteTeam "Ljubljana SK (W)"]
[BlackTeam "Komenda SK (W)"]
[WhiteTeamCountry "SLO"]
[BlackTeamCountry "SLO"]

1. d4 d5 2. Bf4 Bf5 3. Nc3 e6 4. f3 Nf6 5. g4 Bg6 6. h4 h6 7. e3 Bd6 8. h5 Bh7 9. Bd3 Bxd3 10. Qxd3 Nc6 11. 0-0-0 Bxf4 12. exf4 Qd6 13. Nge2 0-0-0 14. Nb5 Qe7 15. c3 a6 16. Na3 Na5 17. b3 Qd6 18. Nc2 Kb8 19. Qe3 Rhe8 20. Kb1 Nd7 21. Nc1 f6 22. Nd3 Qc6 23. Ncb4 Qd6 24. Rhe1 Nc6 25. Nxc6+ Qxc6 26. Kb2 Qb5 27. a4 Qc6 28. Re2 Ka7 29. Rde1 Qd6 30. Qd2 Re7 31. Re3 Rde8 32. R1e2 c5 33. dxc5 Nxc5 34. Nxc5 Qxc5 35. Qd4 Kb6 36. b4 Qxd4 37. cxd4 Kc6 38. Rc2+ Kd6 39. Rec3 Rf7 40. Rc5 Rh8 41. Rc8 Rxc8 42. Rxc8 Rc7 43. Rd8+ Ke7 44. Rg8 Kd6 45. Rd8+ Ke7 46. Rg8 1/2-1/2

[Event "SLO-chT U16 Girls"]
[Site "Murska Sobota"]
[Date "2018.05.13"]
[Round "5"]
[White "Vidmar, Klara"]
[Black "Drevensek, Doroteja"]
[Result "1-0"]
[WhiteElo "1760"]
[BlackElo "1261"]
[PlyCount "61"]
[EventDate "2018.05.11"]
[EventType "team-tourn"]
[EventRounds "5"]
[EventCountry "SLO"]
[SourceTitle "EXT 2020"]
[Source "ChessBase"]
[SourceDate "2019.10.17"]
[SourceVersion "1"]
[SourceVersionDate "2019.10.17"]
[SourceQuality "1"]

1. e4 d6 2. d4 Nf6 3. Nc3 e5 4. dxe5 dxe5 5. Qxd8+ Kxd8 6. Nf3 Nc6 7. Bg5 Be7 8. 0-0-0+ Bd6 9. Nd5 Be6 10. Nxf6 gxf6 11. Bxf6+ Kd7 12. Bxh8 Rxh8 13. Bb5 Rg8 14. Nxe5+ Ke7 15. Nxc6+ bxc6 16. Bxc6 Bf4+ 17. Kb1 Rb8 18. Bd5 Bg4 19. f3 Bh5 20. Rd3 Be5 21. Rb3 Rg8 22. g3 Rd8 23. f4 Bd4 24. Rd3 Bb6 25. Bc6 Rxd3 26. cxd3 Be2 27. Kc2 Kd6 28. Bd5 f6 29. Kd2 Bh5 30. a3 Bd4 31. b3 1-0

[Event "SLO-chT (Women)"]
[Site "Murska Sobota"]
[Date "2018.04.22"]
[Round "3"]
[White "Vidmar, Klara"]
[Black "Hercog, Nusa"]
[Result "0-1"]
[WhiteElo "1747"]
[BlackElo "2023"]
[PlyCount "112"]
[EventDate "2018.04.10"]
[EventType "team-tourn"]
[EventRounds "7"]
[EventCountry "SLO"]
[SourceTitle "EXT 2020"]
[Source "ChessBase"]
[SourceDate "2019.10.17"]
[SourceVersion "1"]
[SourceVersionDate "2019.10.17"]
[SourceQuality "1"]
[WhiteTeam "Komenda SK (W)"]
[BlackTeam "Celjski (W)"]
[WhiteTeamCountry "SLO"]
[BlackTeamCountry "SLO"]

1. e4 c5 2. c3 Nf6 3. e5 Nd5 4. Nf3 Nc6 5. Bc4 e6 6. d4 cxd4 7. cxd4 d6 8. 0-0 Be7 9. Re1 0-0 10. Nc3 Nxc3 11. bxc3 dxe5 12. Nxe5 Qc7 13. Nxc6 Qxc6 14. Qb3 Qc7 15. Bd2 Bd6 16. h3 Rb8 17. a4 b6 18. d5 exd5 19. Bxd5 Bf5 20. Rad1 Rbc8 21. c4 Kh8 22. Bb4 Bc2 23. Qxc2 Bxb4 24. Re2 Qf4 25. Qe4 Qh6 26. Qg4 Qf6 27. Re3 Rce8 28. Rxe8 Rxe8 29. Qd7 Rd8 30. Qxa7 Bc5 31. Rf1 Kg8 32. a5 Re8 33. a6 h6 34. Qd7 Re7 35. Qc8+ Kh7 36. Qb8 Bxf2+ 37. Kh1 Bg3 38. Qxg3 Qxf1+ 39. Kh2 Re1 40. Qf3 Qg1+ 41. Kg3 Re7 42. Bb7 b5 43. Qf2 Qc1 44. cxb5 Qg5+ 45. Kh2 Qxb5 46. Qf3 Qe5+ 47. Kg1 Qc5+ 48. Kh2 Qc7+ 49. Kg1 Re1+ 50. Kf2 Ra1 51. Qd3+ g6 52. Qd4 Qa5 53. Qe3 Ra3 54. Qf4 Qc5+ 55. Ke2 Qc2+ 56. Qd2 Qc4+ 0-1

[Event "SLO-ch U16 Girls"]
[Site "Portoroz"]
[Date "2018.02.28"]
[Round "5"]
[White "Vidmar, Klara"]
[Black "Hercog, Nusa"]
[Result "0-1"]
[WhiteElo "1749"]
[BlackElo "1909"]
[PlyCount "110"]
[EventDate "2018.02.24"]
[EventType "tourn"]
[EventRounds "7"]
[EventCountry "SLO"]
[SourceTitle "EXT 2019"]
[Source "ChessBase"]
[SourceDate "2018.10.10"]
[SourceVersion "1"]
[SourceVersionDate "2018.10.10"]
[SourceQuality "1"]

1. e4 c5 2. c3 Nf6 3. e5 Nd5 4. Nf3 Nc6 5. d4 cxd4 6. cxd4 d6 7. Bc4 e6 8. 0-0 Be7 9. Bxd5 exd5 10. Nc3 dxe5 11. Nxe5 Nxe5 12. dxe5 Be6 13. Qa4+ Bd7 14. Qd4 Be6 15. Rd1 Qa5 16. Be3 a6 17. Qb6 Qxb6 18. Bxb6 Bd8 19. Bc5 Bc7 20. Bd6 Bxd6 21. exd6 Kd7 22. Nxd5 Bxd5 23. Rxd5 Rac8 24. Rd2 Rc6 25. Rad1 Re8 26. Rd3 Re2 27. Rf3 Rxd6 28. Rxd6+ Kxd6 29. Kf1 Re7 30. Rh3 h6 31. Rd3+ Kc5 32. f3 b5 33. Rc3+ Kb6 34. a3 a5 35. Kf2 b4 36. Rc8 bxa3 37. bxa3 Kb5 38. Rb8+ Ka4 39. Ra8 Re5 40. Ra7 Kxa3 41. Rxf7 a4 42. Rxg7 Kb4 43. f4 Rb5 44. Rc7 Kb3 45. Rc6 h5 46. Ke3 a3 47. Ke4 a2 48. Rc1 Kb2 49. Rf1 Rc5 50. f5 Rc1 51. Rf2+ Rc2 52. Rf1 Rxg2 53. f6 a1Q 54. Rxa1 Kxa1 55. Kf3 Rg6 0-1

[Event "Nova Gorica op 23rd"]
[Site "Nova Gorica"]
[Date "2018.01.28"]
[Round "5"]
[White "Urh, Zala"]
[Black "Vidmar, Klara"]
[Result "1-0"]
[WhiteElo "1980"]
[BlackElo "1749"]
[PlyCount "93"]
[EventDate "2018.01.26"]
[EventType "swiss"]
[EventRounds "9"]
[EventCountry "SLO"]
[SourceTitle "CBM 182 Extra"]
[Source "ChessBase"]
[SourceDate "2018.02.23"]
[SourceVersion "1"]
[SourceVersionDate "2018.02.23"]
[SourceQuality "1"]

1. d4 d5 2. Nf3 Nf6 3. c4 e6 4. g3 Be7 5. Bg2 0-0 6. 0-0 c6 7. b3 Nbd7 8. Bb2 b6 9. Nc3 Ba6 10. Nd2 Rc8 11. cxd5 cxd5 12. Re1 Re8 13. Rc1 h6 14. e4 dxe4 15. Ndxe4 Nxe4 16. Nxe4 Nf6 17. Nd2 Nd5 18. Nc4 Bg5 19. f4 Be7 20. a3 Bf6 21. Ne5 Rxc1 22. Qxc1 Bxe5 23. Rxe5 Qd7 24. f5 Rc8 25. Qe1 Nc7 26. Bh3 Bb7 27. fxe6 fxe6 28. Rxe6 Qd5 29. Qe4 Qxe4 30. Rxe4 Bxe4 31. Bxc8 Kf7 32. Kf2 Bd5 33. b4 Ke7 34. Bf5 Kd6 35. Bd3 Ne6 36. Ke3 Ng5 37. Bc3 Ne6 38. b5 Bb3 39. Be4 Ba4 40. Bb4+ Kd7 41. Bc6+ Kd8 42. Kd3 Nc7 43. Kc4 a6 44. Bf8 Ne6 45. Bd6 axb5+ 46. Bxb5 Bxb5+ 47. Kxb5 1-0